000 00749nam a2200181 i 4500
001 30334
003 ES-MaACL
005 20230909063110.0
007 t|
008 030124q1911 sp ||||1| spa d
100 1 _aBarras de Aragón, Francisco de las,
_d1869-1955
_925859
245 1 0 _aNoticias sobre el Jardín Botánico de Sanlúcar de Barrameda y sobre el viajero D. Francisco Badía, procedentes de los papeles de D. José Camps /
_cFrancisco de las Barras de Aragón.
260 _a[S.l. :
_bs.n.,
_c1911?]
300 _a[4] p. ;
_c25 cm.
500 _aEs separata de: Boletín de la Real Sociedad Española de Historia Natural, Marzo, 1911.
852 _aES-MaACL
_j1604-F-3
_q. - Ded. autógr. de autor
999 _c30334
_d30334